[Event "FIDE Chesscom Online Nations Cup"]
[White "Vachier-Lagrave, Maxime"]
[Black "Nakamura, Hikaru"]
[Site "Online"]
[Round "4"]
[Annotator "TA"]
[Result "1/2-1/2"]
[Date "2020.05.06"]
[WhiteElo "2860"]
[BlackElo "2829"]
[PlyCount "61"]

1. d4 {} Nf6 2. c4 e6 3. Nf3 d5 4. Nc3 Be7 5. Bf4 0-0 6. e3 Nbd7 7. Be2 $1 { is
recently more successful than 7.c5. Played by Hikaru Nakamura in February 2020.
} dxc4 {D37: Queen's Gambit Declined: 5 Bf4.} 8. 0-0 c5 9. dxc5 Bxc5 10. Bxc4 a6 11. Ng5 {[#]} h6 $146 ({Predecessor:} 11... b5 12. Bxe6 fxe6 13. Nxe6 Qe8 14. Nxf8 Bxf8 15. Bd6 Bb7 16. Bxf8 Nxf8 17. a4 b4 {1/2-1/2 (36) Wojtaszek,R 
(2725)-Andreikin,D (2724) Jerusalem 2019} )12. Nge4 Be7 13. a4 Nxe4 14. Nxe4 Nf6 15. Qf3 Bd7 16. Nxf6+ Bxf6 17. Qxb7 Qc8 18. Qb3 $1 Ra7 19. Qa2 Bxb2 20. Rab1 Bf6 $1 21. Rfc1 Qa8 22. a5 Rc8 23. Bf1 {[#] And now Rxc8+ would win.} Rxc1 24. Rxc1 Bb5 25. Rb1 (25. Bc7 {seems wilder.} Bd8 26. Bb6 Rb7 27. Bxb5 axb5 28. Bxd8 Qxd8 29. a6 )Bd8 (25... e5 {is interesting.} 26. Bg3 Bxf1 27. Rxf1 Rb7 28. Rc1 Rb5 )26. Bxb5 {The position is equal.} axb5 27. Rxb5 Rxa5 28. Qxa5 Qxa5 (28... Bxa5 $5 29. Rb8+ $8 {[#]} Qxb8 $1 {} 30. Bxb8 Bb4 $11 )29. Rxa5 Bxa5 30. g4 Bd8 31. h3 {Accuracy: White = 84%, Black = 88%.} 1/2-1/2

[Event "FIDE Chesscom Online Nations Cup"]
[White "Ding, Liren"]
[Black "Anand, Viswanathan"]
[Site "Online"]
[Round "4"]
[Annotator "TA"]
[Result "1/2-1/2"]
[Date "2020.05.06"]
[WhiteElo "2836"]
[BlackElo "2751"]
[PlyCount "107"]

1. c4 {} e6 2. Nc3 d5 3. d4 Nf6 4. cxd5 exd5 5. Bg5 c6 6. e3 Bf5 7. Qf3 Bg6 8. Bxf6 Qxf6 9. Qxf6 gxf6 10. Nf3 Nd7 {D35: Queen's Gambit Declined: Exchange Variation.} 11. Nh4 Be7 12. Ne2 {is now debated instead of 12.g3.} f5 13. g3 Bxh4 14. gxh4 Nf6 15. Nf4 Nh5 16. Kd2 Nxf4 17. exf4 {[#]} a5 $146 ({Predecessor:} 17... Ke7 18. Be2 h5 19. Rae1 Kd6 20. Bd3 Rae8 21. Re3 Rxe3 22. fxe3 a5 23. a3 b6 {
0-1 (62) Goryachkina,A (2578)-Ju,W (2584) Shanghai/Vladivostok 2020} )18. Be2 {
Strongly threatening h5.} h5 19. Rae1 Kd7 20. Bd3 Rae8 21. Re5 f6 (21... Rxe5 $14 22. fxe5 f4 )22. Re3 (22. Rxe8 {is interesting.} Kxe8 23. Rg1 Kf7 24. Kc3 Re8 25. a3 )Rxe3 23. fxe3 $16 { Endgame KRB-KRB} Ke6 24. Rg1 Bf7 25. Be2 Ke7 26. Kc3 Ra8 27. Bd3 Ke6 28. Rg7 b5 29. Be2 Rg8 (29... b4+ $14 30. Kd3 a4 )30. Rxg8 { Overworked Piece} Bxg8 31. Bxh5 {Threatens to
win with b4. KB-KB} Bf7 32. Bd1 Ke7 33. b4 a4 34. Kb2 ({White should try} 34. Kd2 $16 )Kf8 $1 $11 35. Kc3 Kg7 36. Kd2 Kh6 $1 37. Ke1 Be8 (37... Bh5 $11 )38. a3 $16 Bh5 {[#]} 39. Bc2 $1 {} Bg6 {[#]} 40. Kf2 $1 Kh5 41. Kg3 Kh6 42. Bd3 Kh5 43. Bf1 Bf7 44. Bh3 Be6 45. Bg2 Bd7 46. Bf3+ Kh6 47. h5 (47. Kg2 $16 )Be8 48. Kh4 Bd7 49. Be2 Be6 50. Bd3 Kg7 51. Bc2 Kh6 52. Bd3 Kg7 $1 53. Bc2 Kh6 54. Bd3 {Black escapes into a draw. Accuracy: White = 83%,
Black = 91%.} (54. Bd1 $14 )1/2-1/2

[Event "FIDE Chesscom Online Nations Cup"]
[White "Dominguez Perez, Leinier"]
[Black "Aronian, Levon"]
[Site "Online"]
[Round "4"]
[Annotator "RC"]
[Result "0-1"]
[Date "2020.05.06"]
[WhiteElo "2786"]
[BlackElo "2778"]
[PlyCount "96"]
[TimeControl "1500+10"]

1. e4 {[%emt 0:0:1]} e5 {[%emt 0:0:2]} 2. Nf3 {[%emt 0:0:1]} Nf6 {[%emt 0:0:2]
} 3. Nxe5 {[%emt 0:0:27]} d6 {[%emt 0:0:2]} 4. Nf3 {[%emt 0:0:0]} Nxe4 {[%emt 0:0:3]} 5. d4 {[%emt 0:0:3]} d5 {[%emt 0:0:1]} 6. Bd3 {[%emt 0:0:4]} Bd6 {[%emt 0:0:2]} 7. 0-0 {[%emt 0:0:5]} 0-0 {[%emt 0:0:0]} 8. c4 {[%emt 0:0:4]} c6 {[%emt 0:0:1]} 9. Qc2 {[%emt 0:1:9]} h6 {[%emt 0:0:4]
} 10. Re1 {[%emt 0:3:9]} Be6 {[%emt 0:2:43]} 11. cxd5 {[%emt 0:2:3]
} cxd5 {[%emt 0:0:7]} 12. Bxe4 {[%emt 0:0:2]} dxe4 {[%emt 0:0:0]} 13. Qxe4 {[%emt 0:0:1]} Bd5 {[%emt 0:0:16]} 14. Qg4 {[%emt 0:1:43]} Qd7 {[%emt 0:0:10]} 15. Qxd7 {[%emt 0:0:54]} Nxd7 {[%emt 0:0:3]} 16. Nc3 {[%emt 0:0:1]
} Bxf3 {[%emt 0:0:8]} 17. gxf3 {[%emt 0:0:3]} Bb4 {[%emt 0:0:0]} 18. Bd2 {[%emt 0:3:7]} Rfd8 {[%emt 0:0:10]} 19. Ne4 {[%emt 0:2:19]} Bxd2 {[%emt 0:0:27]} 20. Nxd2 {[%emt 0:0:0]} Nf6 {[%emt 0:0:2]} 21. Nb3 {[%emt 0:0:53]
} b6 {[%emt 0:0:5]} 22. Rac1 {[%emt 0:0:43]} Nd5 {[%emt 0:0:0]} 23. a3 {[%emt 0:0:46]} Rd6 {[%emt 0:0:6]} 24. Re4 {[%emt 0:1:52]} Rad8 {[%emt 0:0:17]} 25. Kf1 {[%emt 0:1:23]} a5 {[%emt 0:0:26]} 26. a4 {[%emt 0:0:0]} g5 {[%emt 0:1:10]} 27. Rc4 {[%emt 0:2:5]} Kg7 {[%emt 0:0:17]} 28. Re1 {[%emt 0:0:38]} Kg6 {[%emt 0:0:28]} 29. Nd2 {[%emt 0:0:51]} Nb4 {[%emt 0:0:29]
} 30. Nb3 {[%emt 0:0:25]} Nd3 {[%emt 0:0:20]} 31. Re2 {[%emt 0:0:0]} Nf4 {[%emt 0:0:17]} 32. Re1 {[%emt 0:0:34]} Rf6 {[%emt 0:0:38]} 33. Nd2 {[%emt 0:1:1]} Nd3 {[%emt 0:0:20]} 34. Rb1 {[%emt 0:0:2]} Rf4 {[%emt 0:0:31]
} 35. Rc6+ {[%emt 0:0:10]} Kg7 {[%emt 0:0:2]} 36. Rxb6 {[%emt 0:0:35]
} Rdxd4 {[%emt 0:0:10]} 37. b3 {[%emt 0:1:10]} Nxf2 {[%emt 0:0:0]} 38. Ke2 {[%emt 0:0:6]} Rh4 {[%emt 0:0:39]} 39. Nf1 {[%emt 0:0:22]} Nd3 {[%emt 0:0:2]} 40. Rb5 {[%emt 0:0:10]} Nf4+ {[%emt 0:0:42]} 41. Kf2 {[%emt 0:0:12]
} Rd3 {[%emt 0:0:1]} 42. Re5 {[%emt 0:0:33]} Rc3 {[%emt 0:0:0]} 43. Rxa5 {[%emt 0:0:14]} Rh3 {[%emt 0:0:10]} 44. Rb5 {[%emt 0:0:3]} Rhxf3+ {[%emt 0:1:3]} 45. Kg1 {[%emt 0:0:2]} Rc2 {[%emt 0:0:10]} 46. Rb6 {[%emt 0:0:18]
} Rff2 {[%emt 0:1:9]} 47. a5 {[%emt 0:0:10]} Rg2+ {[%emt 0:0:0]} 48. Kh1 {[%emt 0:0:2]} Nh3 {[%emt 0:0:1]} 0-1

[Event "FIDE Chesscom Online Nations Cup"]
[White "Nepomniachtchi, Ian"]
[Black "Radjabov, Teimour"]
[Site "Online"]
[Round "4"]
[Annotator "TA"]
[Result "1-0"]
[Date "2020.05.06"]
[WhiteElo "2778"]
[BlackElo "2758"]
[PlyCount "93"]

1. d4 {} Nf6 2. c4 e6 3. Nf3 d5 4. Nc3 Be7 5. Bf4 0-0 6. e3 Nbd7 7. c5 {7.Be2 is more advanced technology. Played by Hikaru Nakamura in
February 2020.} Nh5 8. Bd3 {D37: Queen's Gambit Declined: 5 Bf4.} Nxf4 9. exf4 b6 10. b4 {The position is equal.} a5 11. a3 c6 12. 0-0 Ba6 13. Bxa6 Rxa6 14. Qe2 Qa8 {[#] ...axb4 is the strong threat.} 15. b5 cxb5 $1 16. Qxb5 Ra7 $1 {
} 17. Ne5 ({Of course not} 17. cxb6 Nxb6 18. Qd3 (18. Qxb6 Rb8 $17 )Rc8 $15 )(17. c6 $5 {} Nb8 18. Rfc1 $11 (18. Qxb6 Nxc6 19. Qb5 Rc8 $15 )(18. Ne5 Bf6 $11 ))Nxe5 18. cxb6 {[#]} Nc4 $146 ({
Predecessor:} 18... Nf3+ 19. gxf3 Rb7 20. Na4 Qb8 21. Rfb1 Bd8 22. Qxa5 Qd6 23. Rb3 Rb8 24. Rab1 Bf6 {1-0 (35) Ticleanu,S (2049)-Splichal,J (2035) ICCF email
2017} )19. bxa7 Qxa7 20. Ne2 Rb8 21. Qa4 g6 22. Ra2 Qb6 23. g3 Kg7 24. Rc1 Bf6 25. Qd1 Nb2 26. Qc2 Nc4 27. a4 Qb3 28. Qxb3 Rxb3 29. Rd1 h5 30. h4 Nd6 31. Rc1 Nc4 32. Kg2 Rb4 33. Rd1 Nd6 34. Rdd2 Nc4 35. Rd1 Nd6 $1 36. Kf1 Nc4 37. Rc1 Rb3 38. Ke1 Rb4 39. Raa1 Nd6 40. Rcb1 {Black must now prevent Rxb4.} Rc4 41. Ra2 ({
White should try} 41. Rb6 $16 Nf5 42. Rb7 )Nf5 (41... Bxd4 $14 42. Nxd4 Rxd4 )42. Rb5 Bd8 43. Rb7 Nxd4 $2 { [#] This costs Black the game.} (43... Kf8 $16 )44. Nxd4 $18 Rxd4 45. Rc2 Kf6 (45... Rc4 $142 46. Rxc4 dxc4 )46. Ke2 Rxa4 (46... Re4+ $142 47. Kf3 Rb4 48. Rxb4 axb4 )47. Rc8 {Accuracy:
White = 92%, Black = 68%.} 1-0

[Event "FIDE Chesscom Online Nations Cup"]
[White "Yu, Yangyi"]
[Black "Harikrishna, Pentala"]
[Site "Online"]
[Round "4"]
[Annotator "TA"]
[Result "1/2-1/2"]
[Date "2020.05.06"]
[WhiteElo "2738"]
[BlackElo "2690"]
[PlyCount "65"]

1. d4 {} Nf6 2. c4 e6 3. Nc3 d5 4. cxd5 exd5 5. Bg5 c6 6. Qc2 Na6 {
} 7. e3 Nc7 8. Bd3 Be7 9. Nf3 Ne6 10. Bh4 g6 11. 0-0 0-0 12. Rab1 a5 {
D36: Queen's Gambit Declined: Exchange Variation: Main line (5 Bg5 c6 6 Qc2).} 13. a3 {} Ng7 14. b4 axb4 15. axb4 Bf5 16. b5 Bxd3 17. Qxd3 Nf5 18. Bxf6 Bxf6 19. bxc6 bxc6 20. Rfc1 Qd6 21. Qc2 {[#]} Rfb8 $146 ({Predecessor:} 21... Ra6 22. Na4 Rfa8 23. Nc5 Ra2 24. Rb2 Ra1 25. g3 Qe7 26. Kg2 Nd6 27. Nd2 Rxc1 28. Qxc1 {1-0 (80) Dimitrov,V (2387)-Vaibhav,A (1957)
Backi Petrovac 2016} )22. Rxb8+ Rxb8 23. Na4 Rb4 24. Nc5 Rc4 {The position is
equal.} 25. Qb1 (25. Qd1 {seems wilder.} Rxc1 26. Qxc1 Ng7 27. Nd3 Ne6 28. g3 )Rxc1+ 26. Qxc1 h5 27. h3 Ng7 28. Nd3 Ne6 29. Nd2 Kg7 30. Nb3 Qb8 31. Nbc5 Nxc5 32. Nxc5 h4 33. Nd7 {Accuracy: White = 94%, Black = 93%.} 1/2-1/2

[Event "FIDE Chesscom Online Nations Cup"]
[White "Giri, Anish"]
[Black "So, Wesley"]
[Site "Online"]
[Round "4"]
[Annotator "RC"]
[Result "1/2-1/2"]
[Date "2020.05.06"]
[WhiteElo "2731"]
[BlackElo "2741"]
[PlyCount "175"]
[TimeControl "1500+10"]

1. d4 {[%emt 0:0:1]} Nf6 {[%emt 0:0:4]} 2. c4 {[%emt 0:0:2]} e6 {[%emt 0:0:0]} 3. Nf3 {[%emt 0:0:4]} d5 {[%emt 0:0:4]} 4. g3 {[%emt 0:0:9]} Be7 {[%emt 0:0:6]} 5. Bg2 {[%emt 0:0:4]} 0-0 {[%emt 0:0:1]} 6. 0-0 {[%emt 0:0:0]} dxc4 {[%emt 0:0:3]} 7. Qc2 {[%emt 0:0:1]} a6 {[%emt 0:0:2]} 8. a4 {[%emt 0:0:1]} Bd7 {[%emt 0:0:2]} 9. Qxc4 {[%emt 0:0:2]} Bc6 {[%emt 0:0:0]} 10. Bg5 {[%emt 0:0:3]} Bd5 {[%emt 0:0:3]} 11. Qc2 {[%emt 0:0:23]} Be4 {[%emt 0:0:2]} 12. Qc1 {[%emt 0:0:17]} h6 {[%emt 0:0:2]} 13. Bxf6 {[%emt 0:0:2]
} Bxf6 {[%emt 0:0:0]} 14. Nbd2 {[%emt 0:0:34]} Bxf3 {[%emt 0:0:0]} 15. Nxf3 {[%emt 0:0:4]} a5 {[%emt 0:0:3]} 16. Qc3 {[%emt 0:1:9]} Nc6 {[%emt 0:1:4]} 17. Rad1 {[%emt 0:0:3]} Nb4 {[%emt 0:0:48]} 18. Ne5 {[%emt 0:1:28]
} c6 {[%emt 0:1:55]} 19. e4 {[%emt 0:0:3]} Bxe5 {[%emt 0:0:0]} 20. dxe5 {[%emt 0:0:3]} Qb6 {[%emt 0:0:1]} 21. Rd6 {[%emt 0:0:47]} Na6 {[%emt 0:0:35]} 22. Rfd1 {[%emt 0:1:38]} Qc5 {[%emt 0:0:24]} 23. Qxc5 {[%emt 0:1:23]
} Nxc5 {[%emt 0:0:3]} 24. R1d4 {[%emt 0:0:0]} Rfc8 {[%emt 0:0:0]} 25. Bf1 {[%emt 0:5:56]} b5 {[%emt 0:7:27]} 26. axb5 {[%emt 0:0:3]} cxb5 {[%emt 0:0:0]} 27. Bxb5 {[%emt 0:0:1]} Rab8 {[%emt 0:0:4]} 28. Ba6 {[%emt 0:0:3]
} Nxa6 {[%emt 0:0:30]} 29. Rxa6 {[%emt 0:0:3]} Rxb2 {[%emt 0:0:0]} 30. Ra7 {[%emt 0:2:23]} Rb5 {[%emt 0:0:41]} 31. Rdd7 {[%emt 0:1:19]} Rf8 {[%emt 0:0:2]} 32. Rd4 {[%emt 0:0:52]} Rxe5 {[%emt 0:1:37]} 33. Ra4 {[%emt 0:0:7]
} Rb8 {[%emt 0:0:1]} 34. R7xa5 {[%emt 0:0:7]} Rxa5 {[%emt 0:0:0]} 35. Rxa5 {[%emt 0:0:0]} Rb4 {[%emt 0:0:0]} 36. h4 {[%emt 0:0:28]} Rxe4 {[%emt 0:0:3]} 37. Kg2 {[%emt 0:0:1]} g6 {[%emt 0:0:7]} 38. Rb5 {[%emt 0:0:6]
} Kg7 {[%emt 0:0:2]} 39. Ra5 {[%emt 0:0:1]} Rd4 {[%emt 0:0:0]} 40. Ra7 {[%emt 0:0:2]} Kf6 {[%emt 0:0:8]} 41. Ra8 {[%emt 0:0:3]} Kf5 {[%emt 0:0:16]} 42. Rh8 {[%emt 0:0:10]} h5 {[%emt 0:0:37]} 43. Ra8 {[%emt 0:0:0]} e5 {[%emt 0:0:9]} 44. Ra5 {[%emt 0:0:11]} Rd2 {[%emt 0:0:5]} 45. Rb5 {[%emt 0:0:9]} Ra2 {[%emt 0:0:9]} 46. Rc5 {[%emt 0:0:3]} f6 {[%emt 0:0:0]} 47. Rb5 {[%emt 0:0:6]} Ra4 {[%emt 0:0:9]} 48. Rc5 {[%emt 0:0:15]} g5 {[%emt 0:0:13]} 49. hxg5 {[%emt 0:0:3]} Kxg5 {[%emt 0:0:6]} 50. Rb5 {[%emt 0:0:34]
} Re4 {[%emt 0:0:4]} 51. Rb8 {[%emt 0:0:9]} Rg4 {[%emt 0:0:0]} 52. Kf3 {[%emt 0:0:34]} Ra4 {[%emt 0:0:24]} 53. Rg8+ {[%emt 0:0:58]} Kf5 {[%emt 0:0:2]} 54. Rh8 {[%emt 0:0:17]} Ra3+ {[%emt 0:0:20]} 55. Kg2 {[%emt 0:0:8]
} Kg6 {[%emt 0:0:0]} 56. Rg8+ {[%emt 0:0:3]} Kh7 {[%emt 0:0:0]} 57. Rb8 {[%emt 0:0:3]} Ra2 {[%emt 0:0:6]} 58. Re8 {[%emt 0:0:18]} Kg6 {[%emt 0:0:8]} 59. Rg8+ {[%emt 0:0:5]} Kf5 {[%emt 0:0:6]} 60. Rh8 {[%emt 0:0:4]
} Kg6 {[%emt 0:0:21]} 61. Rg8+ {[%emt 0:0:2]} Kh7 {[%emt 0:0:0]} 62. Re8 {[%emt 0:0:2]} Rb2 {[%emt 0:0:2]} 63. Rf8 {[%emt 0:0:35]} Kg7 {[%emt 0:0:14]} 64. Re8 {[%emt 0:0:2]} Rb4 {[%emt 0:0:19]} 65. Kf3 {[%emt 0:0:29]
} Ra4 {[%emt 0:0:27]} 66. Rb8 {[%emt 0:0:36]} Kg6 {[%emt 0:0:0]} 67. Rg8+ {[%emt 0:0:7]} Kf5 {[%emt 0:0:1]} 68. Rh8 {[%emt 0:0:4]} e4+ {[%emt 0:0:1]} 69. Kg2 {[%emt 0:0:15]} Kg6 {[%emt 0:0:1]} 70. Rg8+ {[%emt 0:0:9]
} Kf7 {[%emt 0:0:2]} 71. Rh8 {[%emt 0:0:48]} Ra5 {[%emt 0:0:0]} 72. Kf1 {[%emt 0:0:27]} Rf5 {[%emt 0:0:6]} 73. Ke2 {[%emt 0:0:21]} Re5 {[%emt 0:1:41]} 74. Ke3 {[%emt 0:0:27]} Kg7 {[%emt 0:0:2]} 75. Ra8 {[%emt 0:0:14]
} Kg6 {[%emt 0:0:1]} 76. Kf4 {[%emt 0:0:14]} Rf5+ {[%emt 0:0:0]} 77. Kxe4 {[%emt 0:0:9]} Rxf2 {[%emt 0:0:2]} 78. Rg8+ {[%emt 0:0:7]} Kh6 {[%emt 0:0:11]} 79. Rh8+ {[%emt 0:0:4]} Kg6 {[%emt 0:0:1]} 80. Rg8+ {[%emt 0:0:1]
} Kh7 {[%emt 0:0:2]} 81. Ra8 {[%emt 0:0:6]} Rf1 {[%emt 0:0:0]} 82. Rb8 {[%emt 0:0:6]} f5+ {[%emt 0:0:13]} 83. Ke3 {[%emt 0:0:2]} Kg6 {[%emt 0:0:3]} 84. Rg8+ {[%emt 0:0:20]} Kh7 {[%emt 0:0:3]} 85. Ra8 {[%emt 0:0:12]
} Kg6 {[%emt 0:0:2]} 86. Rg8+ {[%emt 0:0:3]} Kh7 {[%emt 0:0:0]} 87. Ra8 {[%emt 0:0:1]} Kg6 {[%emt 0:0:0]} 88. Rg8+ {[%emt 0:0:2]} 1/2-1/2

[Event "FIDE Chesscom Online Nations Cup"]
[White "Karjakin, Sergey"]
[Black "Cori, Jorge"]
[Site "Online"]
[Round "4"]
[Annotator "TA"]
[Result "1-0"]
[Date "2020.05.06"]
[WhiteElo "2709"]
[BlackElo "2599"]
[PlyCount "75"]

1. e4 {} c5 2. Nf3 e6 3. d4 cxd4 4. Nxd4 Nc6 5. Nc3 Qc7 6. Be2 a6 7. Nxc6 {B47:
Sicilian: Taimanov: 5 Nc3 Qc7 6 f4, 6 g3 and 6 Be2.} bxc6 8. Qd3 Nf6 9. Qg3 {
White is slightly better.} Qxg3 10. hxg3 d5 11. g4 {[#]} Bb4 $146 ({
Predecessor:} 11... Bb7 12. Rh3 Nxe4 13. Nxe4 dxe4 14. Be3 Rd8 15. Bd2 Bd6 16. Rb3 Rd7 17. 0-0-0 f6 {1/2-1/2 (94) Hameister,R (2421)-Dedina,M (2354) ICCF
email 2017} )12. Bd2 d4 13. e5 Nd7 14. Ne4 Bxd2+ 15. Nxd2 c5 16. Nc4 Ke7 (16... a5 $11 )17. Bf3 (17. Na5 $16 )Rb8 18. 0-0-0 Nb6 19. Na5 {Hoping for Nc6+.
} Bd7 20. g5 Na4 $1 21. Bb7 Kd8 22. Rd3 Kc7 $1 { aiming for ...Kb6.
} 23. Rf3 {[#]} (23. Rb3 $1 $11 {keeps the balance.} )Be8 (23... Kb6 $1 $17 {} 24. Rxf7 { Double Attack} Be8 25. Nc4+ Ka7 26. Rxg7 Rxb7 27. Rxb7+ Kxb7 28. Nd6+ Kc6 )24. Rb3 $1 $14 c4 (24... Bb5 $14 25. Be4 h6 )25. Rb4 $36 { White is really pushing.} Nc5 $2 (25... h6 $16 {
was necessary.} )26. Rxc4 $18 { Double Attack} Kb6 27. Bc6 $2 (27. Bf3 $18 )Bxc6 $11 28. Nxc6 Kxc6 29. b4 { [#] Pin} Rb5 30. Rh4 {
Strongly threatening a4.} Rhb8 $2 {} (30... Kb6 $1 $11 {and Black
stays safe.} )31. Rhxd4 $18 ({Not} 31. bxc5 Rb1+ 32. Kd2 Rf1 $14 )(31. Rxc5+ Rxc5 32. bxc5 Kxc5 $14 )a5 {} 32. a3 ({Resist} 32. bxc5 $6 Rb4 $16 )axb4 33. axb4 { Pin} Kc7 34. Rxc5+ Rxc5 35. bxc5 Kc6 36. Rd6+ Kxc5 37. Rd7 h6 38. gxh6 {Accuracy: White = 73%, Black = 65%.} 1-0

[Event "FIDE Chesscom Online Nations Cup"]
[White "Firouzja, Alireza"]
[Black "Artemiev, Vladislav"]
[Site "Online"]
[Round "4"]
[Annotator "RC"]
[Result "1/2-1/2"]
[Date "2020.05.06"]
[WhiteElo "2703"]
[BlackElo "2769"]
[PlyCount "154"]
[TimeControl "1500+10"]

1. e4 {[%emt 0:0:1]} c5 {[%emt 0:0:4]} 2. Nf3 {[%emt 0:0:2]} e6 {[%emt 0:0:0]} 3. d4 {[%emt 0:0:5]} cxd4 {[%emt 0:0:1]} 4. Nxd4 {[%emt 0:0:0]} Nc6 {[%emt 0:0:1]} 5. Nc3 {[%emt 0:0:2]} a6 {[%emt 0:0:1]} 6. g3 {[%emt 0:0:7]
} Nxd4 {[%emt 0:0:7]} 7. Qxd4 {[%emt 0:0:2]} b5 {[%emt 0:0:0]} 8. Bg2 {[%emt 0:0:48]} Bb7 {[%emt 0:0:7]} 9. 0-0 {[%emt 0:1:7]} Ne7 {[%emt 0:0:2]
} 10. a4 {[%emt 0:1:0]} Nc6 {[%emt 0:0:8]} 11. Qd1 {[%emt 0:0:0]} b4 {[%emt 0:0:9]} 12. Nd5 {[%emt 0:0:1]} Bc5 {[%emt 0:1:11]} 13. Qg4 {[%emt 0:0:38]} 0-0 {[%emt 0:2:2]} 14. Bh6 {[%emt 0:1:9]} Bd4 {[%emt 0:0:4]
} 15. c3 {[%emt 0:2:55]} bxc3 {[%emt 0:2:18]} 16. bxc3 {[%emt 0:0:5]
} Be5 {[%emt 0:2:15]} 17. f4 {[%emt 0:2:37]} Bf6 {[%emt 0:0:0]} 18. e5 {[%emt 0:6:19]} exd5 {[%emt 0:0:4]} 19. exf6 {[%emt 0:0:8]} Qxf6 {[%emt 0:0:2]} 20. Bg5 {[%emt 0:0:2]} Qxc3 {[%emt 0:0:14]} 21. Qxd7 {[%emt 0:2:27]
} Rab8 {[%emt 0:2:59]} 22. Rac1 {[%emt 0:0:20]} Qe3+ {[%emt 0:0:0]} 23. Kh1 {[%emt 0:0:3]} Qe6 {[%emt 0:0:29]} 24. Qxd5 {[%emt 0:2:59]} Qxd5 {[%emt 0:1:5]} 25. Bxd5 {[%emt 0:0:0]} Nd4 {[%emt 0:0:21]} 26. Bxb7 {[%emt 0:0:1]
} Rxb7 {[%emt 0:0:0]} 27. f5 {[%emt 0:0:11]} h6 {[%emt 0:0:0]} 28. Be3 {[%emt 0:0:4]} Rd8 {[%emt 0:0:4]} 29. Rc4 {[%emt 0:1:27]} Rbd7 {[%emt 0:0:5]} 30. f6 {[%emt 0:0:32]} g5 {[%emt 0:0:8]} 31. h4 {[%emt 0:0:11]
} gxh4 {[%emt 0:1:19]} 32. Rf4 {[%emt 0:0:4]} Ne6 {[%emt 0:0:0]} 33. Rxh4 {[%emt 0:0:18]} Nf8 {[%emt 0:0:33]} 34. Bxh6 {[%emt 0:1:5]} Ng6 {[%emt 0:0:1]} 35. Rhe4 {[%emt 0:0:11]} Rd6 {[%emt 0:0:14]} 36. Kg2 {[%emt 0:0:4]
} Rb8 {[%emt 0:0:15]} 37. Bg5 {[%emt 0:0:48]} Rd5 {[%emt 0:0:0]} 38. Be3 {[%emt 0:0:5]} Rb2+ {[%emt 0:0:3]} 39. Kh3 {[%emt 0:0:11]} Rh5+ {[%emt 0:0:28]} 40. Kg4 {[%emt 0:0:2]} Rd5 {[%emt 0:0:7]} 41. Bd4 {[%emt 0:0:44]
} Rd2 {[%emt 0:0:5]} 42. Bc3 {[%emt 0:0:9]} R2d3 {[%emt 0:0:0]} 43. Rc8+ {[%emt 0:0:5]} Kh7 {[%emt 0:0:8]} 44. Rc7 {[%emt 0:0:19]} Kh6 {[%emt 0:0:1]} 45. Kh3 {[%emt 0:0:9]} Rf3 {[%emt 0:0:27]} 46. Kg2 {[%emt 0:0:2]
} Rfd3 {[%emt 0:0:24]} 47. Be1 {[%emt 0:0:11]} Rd7 {[%emt 0:0:0]} 48. Rxd7 {[%emt 0:0:15]} Rxd7 {[%emt 0:0:1]} 49. Rc4 {[%emt 0:0:8]} Rd6 {[%emt 0:0:6]} 50. Bc3 {[%emt 0:0:4]} Kg5 {[%emt 0:0:15]} 51. Rc7 {[%emt 0:0:3]
} Rd3 {[%emt 0:0:1]} 52. Kf2 {[%emt 0:0:14]} Kf5 {[%emt 0:0:0]} 53. Rc5+ {[%emt 0:0:20]} Ke4 {[%emt 0:0:26]} 54. Rc4+ {[%emt 0:0:20]} Kd5 {[%emt 0:0:1]} 55. Rc7 {[%emt 0:0:4]} Ke4 {[%emt 0:0:8]} 56. Ba1 {[%emt 0:0:17]
} Rd1 {[%emt 0:0:18]} 57. Bc3 {[%emt 0:0:9]} Rd3 {[%emt 0:0:0]} 58. Rc6 {[%emt 0:0:7]} Kd5 {[%emt 0:0:5]} 59. Rc8 {[%emt 0:0:3]} Ke4 {[%emt 0:0:4]} 60. Re8+ {[%emt 0:0:3]} Kf5 {[%emt 0:0:10]} 61. Re3 {[%emt 0:0:3]
} Rd1 {[%emt 0:0:35]} 62. Ke2 {[%emt 0:0:6]} Rb1 {[%emt 0:0:0]} 63. Kd3 {[%emt 0:0:13]} Rb8 {[%emt 0:0:15]} 64. Kc4 {[%emt 0:0:25]} Rc8+ {[%emt 0:0:1]} 65. Kd5 {[%emt 0:0:10]} Nf8 {[%emt 0:0:4]} 66. Re5+ {[%emt 0:0:20]
} Kg6 {[%emt 0:0:2]} 67. Re3 {[%emt 0:0:10]} Nd7 {[%emt 0:0:0]} 68. Rf3 {[%emt 0:0:11]} Nb6+ {[%emt 0:0:1]} 69. Kd6 {[%emt 0:0:4]} Nxa4 {[%emt 0:0:8]} 70. Bd4 {[%emt 0:0:1]} Rd8+ {[%emt 0:0:17]} 71. Ke5 {[%emt 0:0:2]
} Rb8 {[%emt 0:0:18]} 72. Rf4 {[%emt 0:0:14]} Rb5+ {[%emt 0:0:0]} 73. Kd6 {[%emt 0:0:1]} Nb6 {[%emt 0:0:22]} 74. Rg4+ {[%emt 0:0:12]} Kf5 {[%emt 0:0:4]} 75. Rf4+ {[%emt 0:0:3]} Kg6 {[%emt 0:0:3]} 76. Rg4+ {[%emt 0:0:0]
} Kf5 {[%emt 0:0:1]} 77. Rf4+ {[%emt 0:0:1]} Kg6 {[%emt 0:0:0]} 1/2-1/2

[Event "FIDE Chesscom Online Nations Cup"]
[White "Vidit, Santosh Gujrathi"]
[Black "Wang, Hao"]
[Site "Online"]
[Round "4"]
[Annotator "TA"]
[Result "0-1"]
[Date "2020.05.06"]
[WhiteElo "2636"]
[BlackElo "2750"]
[PlyCount "58"]

1. d4 {} d5 2. c4 dxc4 3. e4 e5 4. Nf3 exd4 5. Bxc4 Nc6 6. 0-0 Be6 7. Bb5 Bc5 8. b4 {D20:
Queen's Gambit Accepted: 3 e3 and 3 e4.} Bb6 9. a4 {
[#] Threatens to win with a5.} a6 10. Bxc6+ {White is slightly better.} bxc6 11. a5 Ba7 12. Bb2 { White has compensation.} Nf6 13. Nbd2 0-0 14. Qc2 Re8 $36 { [#] Black has some pressure.} 15. Rad1 $146 ({Predecessor:} 15. Rac1 Qb8 16. Ba3 Bd7 17. Rfe1 Qb5 18. Qc4 Ng4 19. Qxb5 axb5 20. Bb2 c5 21. bxc5 {1-0 (42) De Ruiter,D (2268)-De Strycker,N (2302)
Haarlem 2019} )Rb8 16. Ne5 Bd7 17. Ndc4 $2 {White does not recover from
this.} (17. Nd3 $17 {is a better defense.} )Rxb4 $19 18. Qd2 $2 (18. Bc1 {keeps fighting.} )c5 { White must now
prevent ...Bb5.} 19. Bxd4 {Strongly threatening Bc3.} Rxc4 {Black is clearly
winning.} 20. Ba1 {[#]} Rd4 $1 21. Bxd4 cxd4 22. Qf4 (22. Nxd7 $142 Qxd7 23. f3 )Bb5 23. Rfe1 Qd6 24. Nd3 Qxf4 25. Nxf4 Rxe4 26. Rxe4 Nxe4 27. Nd5 d3 28. Nxc7 Bxf2+ 29. Kh1 Bc4 {Accuracy: White = 25%, Black = 88%.} 0-1